000 00354 a2200145 4500
001 154458
040 _cEscola São Tomás de Aquino
100 _aCHILD, Lauren
240 1 0 _aEu sou muito pequena para a escola
_lpor
245 1 0 _aEu sou muito pequena para a escola
300 _a27
362 0 _a2007
697 _a*LITERATURA INFANTIL
942 _cBK
999 _c154458
_d154458